Les étoiles en images (4) - Statistiques

Statistiques générales
  • Ce quiz a été pris 13 fois
  • Le résultat moyen est 22 sur 30
Statistiques - réponses
Par images Hint Réponse % Correct
Drapeau de pays // T Turquie
100%
Drapeau de pays // V Venezuela
100%
Drapeau de pays // V Vietnam
100%
Drapeau de pays // Z Zimbabwe
100%
Drapeau de pays // S Sénégal
92%
Drapeau de pays // S Singapour
92%
Drapeau de pays // T Tunisie
92%
Drapeau de pays // T Turkménistan
92%
Drapeau de pays // T Tuvalu
92%
Drapeau d'institution Union Européenne
92%
Drapeau de pays // U URSS
92%
Agriculture // J Vin du {Jura}
92%
Drapeau de pays // S Samoa
83%
Drapeau de pays // S Somalie
83%
Drapeau de pays // T Timor oriental
83%
Drapeau de pays // T Togo
83%
Drapeau de pays // Y Yougoslavie
83%
Astronomie // S Soleil
75%
Drapeau de pays // S Soudan-du-Sud
75%
Drapeau de pays // S Suriname
75%
Drapeau de pays // S Salomon
67%
Drapeau de pays // S Sao Tome et Principe
67%
Sport // V Symbole de {Victoire} au football
67%
Drapeau de pays // S Saint-Christophe-et-Niévès
58%
Drapeau de capitale // W Ville de {Washington}
58%
Automobile // R F {Renault} Etoile {filante}
50%
Automobile // S {Simca} Etoile
25%
Eléctroménager // F Unité de {froid}
17%
Expression // P Voir son étoile {pâlir}
8%
Drapeau de ville // N Ville de {Nagasaki}
0%
Aucun quiz correspondant
Distribution des résultats
% des personnes avec chaque résultat
Percentile par nombre de réponses
Votre historique - résultats
Vous n’avez pas pris ce quiz